| Record ID | marc_records_scriblio_net/part03.dat:17458962:920 |
| Source | Scriblio |
| Download Link | /show-records/marc_records_scriblio_net/part03.dat:17458962:920?format=raw |
LEADER: 00920cam 22002171 4500
001 33028739
003 DLC
005 20041216183554.0
008 740830s1933 nyua 000 1 eng
010 $a 33028739
035 $a(OCoLC)993974
040 $aDLC$cOKentU$dOCoLC$dInU$dDLC
050 00 $aPZ3.G139$bFo13$aPR6013.A5
100 1 $aGalsworthy, John,$d1867-1933.
245 14 $aThe Forsyte saga,$cby John Galsworthy; with a preface by Ada Galsworthy.
260 $aNew York,$bC. Scribner's sons$c[c1933]
300 $axx, 921 p.$billus.$c22 cm.
500 $aIncludes pref. to Memorial edition.
500 $aCombines into one novel the Forsyte family of three generations, three of Mr. Galsworthy's novels--"The man of property," "In chancery" and "To let"--and two stories--"The Indian summer of the Forsyte" and "Awakening."
650 0 $aForsyte family (Fictitious characters)$xFiction.
655 7 $aDomestic fiction.$2lcsh